| 000 -LEADER |
| fixed length control field |
00599cam a2200193 i 4500 |
| 020 ## - INTERNATIONAL STANDARD BOOK NUMBER |
| ISBN |
2857440405 : |
| 040 ## - CATALOGING SOURCE |
| Transcribing agency |
DLC |
| 082 00 - DEWEY DECIMAL CLASSIFICATION NUMBER |
| Classification number |
665 EDI 1979 A090 Or. |
| 100 1# - MAIN ENTRY--AUTHOR NAME |
| Personal name |
Lagrange, Bernard. |
| 245 10 - TITLE STATEMENT |
| Title |
Biométhane / |
| 260 ## - PUBLICATION, DISTRIBUTION, ETC. (IMPRINT) |
| Place of publication |
Aix-en-Provence : |
| Name of publisher |
Édisud, |
| Year of publication |
1979. |
| 300 ## - PHYSICAL DESCRIPTION |
| Number of Pages |
2 v. : |
| Other physical details |
ill. ; |
| Dimensions |
24 cm. |
| 490 0# - SERIES STATEMENT |
| Series statement |
Collection Technologies douces |
| 500 ## - GENERAL NOTE |
| General note |
Summaries in English, French, and German. |
| 500 ## - GENERAL NOTE |
| General note |
"Liste des brevets d'invention français (1937-1974)": v. 2, p. 228-230. |
| 500 ## - GENERAL NOTE |
| General note |
"Adresses pour se documenter": v. 2, p. 231-240. |
| 650 #0 - SUBJECT ADDED ENTRY--TOPICAL TERM |
| Topical Term |
Biogas. |
| 942 ## - ADDED ENTRY ELEMENTS (KOHA) |
| Koha item type |
សៀវភៅភាសាបារាំង |
| 952 ## - LOCATION AND ITEM INFORMATION (KOHA) |
| Withdrawn status [LOCAL, KOHA] |
0 |